Prévenir et gérer la violence en milieu scolaire (Record no. 2926)

MARC details
000 -LEADER
fixed length control field 02162nam a2200265 4500
008 - FIXED-LENGTH DATA ELEMENTS--GENERAL INFORMATION
fixed length control field s2006 fr fre u
020 ## - INTERNATIONAL STANDARD BOOK NUMBER
International Standard Book Number 9782725625263
040 ## - CATALOGING SOURCE
Original cataloging agency LB-BrCRDP
082 1# - DEWEY DECIMAL CLASSIFICATION NUMBER
Classification number 306.43
Item number TAR
100 1# - MAIN ENTRY--PERSONAL NAME
Personal name Tartar Goddet, Edith
245 10 - TITLE STATEMENT
Title Prévenir et gérer la violence en milieu scolaire
Statement of responsibility, etc. Edith Tartar - Goddet
260 ## - PUBLICATION, DISTRIBUTION, ETC.
Place of publication, distribution, etc. Paris
Name of publisher, distributor, etc. Retz
Date of publication, distribution, etc. 2006
300 ## - PHYSICAL DESCRIPTION
Extent 253 p.
Dimensions 22 cm
490 0# - SERIES STATEMENT
Series statement Education
500 ## - GENERAL NOTE
General note Sommaire, annexes.
520 ## - SUMMARY, ETC.
Summary, etc. La violence scolaire est un thème d'une brûlante actualité.Elle est la résultante d'une violence généralisée qui se manifeste de différentes façons dans notre société violences familiales et relationnelles, violences des médias, violences professionnelles et économiques, violences politiques... Ce livre aborde la violence scolaire sous l'angle relationnel. Il s'adresse à tous ceux qui, dans les établissements, travaillent, étudient, apportent leur aide, participent à des actions contre la violence en espérant qu'elles auront des répercussions positives à l'extérieur des établissements.La prise en charge de la violence consiste en effet, d'abord et avant tout, à poser des actes éducatifs qui participeront, de près ou de loin, à l'étayage et à la construction psychique et sociale des enfants et des adolescents. L'auteur met à jour les conséquences directes et indirectes, visibles et sournoises de la violence sur les personnes, les groupes, les établissements afin de contrebalancer ces effets par des conduites appropriées et des actions spécifiques.Les lecteurs trouveront tout au long du livre des méthodes, des outils, des compétences, des savoir-être et des savoir-faire déjà expérimentés dans de nombreux établissements et ayant montré leur efficacité. Une vision forte et des pistes d'actions concrètes et mobilisatrices pour les professionnels et les parents.
650 4# - SUBJECT ADDED ENTRY--TOPICAL TERM
Topical term or geographic name entry element Violence scolaire
650 4# - SUBJECT ADDED ENTRY--TOPICAL TERM
Topical term or geographic name entry element Psychologie
650 4# - SUBJECT ADDED ENTRY--TOPICAL TERM
Topical term or geographic name entry element Relation maître - élève
650 4# - SUBJECT ADDED ENTRY--TOPICAL TERM
Topical term or geographic name entry element Psychopédagogie
650 4# - SUBJECT ADDED ENTRY--TOPICAL TERM
Topical term or geographic name entry element Formation
650 4# - SUBJECT ADDED ENTRY--TOPICAL TERM
Topical term or geographic name entry element Psychosociologie
942 ## - ADDED ENTRY ELEMENTS (KOHA)
Koha item type Books
Holdings
Withdrawn status Lost status Source of classification or shelving scheme Damaged status Not for loan Home library Current library Shelving location Date acquired Source of acquisition Cost, normal purchase price Total Checkouts Full call number Barcode Date last seen Copy number Price effective from Koha item type
    Dewey Decimal Classification     مكتبة دار المعلمين و المعلمات - بئر حسن مكتبة دار المعلمين و المعلمات - بئر حسن Salle de Lecture 10/10/2008 Ambassade de France 0.00   155.4 God CRB2298 07/27/2016 1 07/27/2016 Books
    Dewey Decimal Classification     مكتبة دار المعلمين و المعلمات - جونية مكتبة دار المعلمين و المعلمات - جونية Salle de Lecture 04/19/2008 Ambassade de France 0.00   371.9 TAR. CRJ2655 07/27/2016 1 07/27/2016 Books
    Dewey Decimal Classification     مكتبة دار المعلمين و المعلمات - زحلة مكتبة دار المعلمين و المعلمات - زحلة Salle de Lecture 06/02/2008 Amb. de France 18.25   306.43 TAR CRZ3110 07/27/2016 1 07/27/2016 Books
    Dewey Decimal Classification     مكتبة دار المعلمين و المعلمات - صيدا مكتبة دار المعلمين و المعلمات - صيدا Salle de Lecture 05/22/2008 Ambassade de France 0.00   371.78 TAR CRS2421 07/28/2016 1 07/28/2016 Books
    Dewey Decimal Classification     مكتبة دار المعلمين و المعلمات - طرابلس مكتبة دار المعلمين و المعلمات - طرابلس Salle de Lecture 05/29/2008 Ambassade de France 0.00   303.6 TAR CRT2372 05/19/2017 1 07/27/2016 Books